| 000 | 00507nam a22001817a 4500 | ||
|---|---|---|---|
| 005 | 20251108170513.0 | ||
| 008 | 250721s2003 xx 000 0 ara d | ||
| 082 | 1 | 4 | _a641.803/عطي |
| 100 | 1 | _aعطيات، أحمد | |
| 245 | 1 | 0 | _aموسوعة أشهى المشروبات و الحلويات / |
| 264 | 1 |
_aعمان : _bالمؤلف، _c2003. |
|
| 300 | _a96ص. | ||
| 650 | 1 | 7 | _aالمشروبات |
| 650 | 1 | 7 | _aالحلويات |
| 650 | 1 | 7 | _aالموسوعات |
| 942 |
_2ddc _cBK |
||
| 999 |
_c42092 _d42092 |
||